000 00300nam a22001457a 4500
003 SGT
082 _a340,ASI
100 _aASIA LAW HOUSE
245 _aLAW OF SEEDS
250 _a14TH
260 _aHYDRABAD
_bASIA LAW HOUSE
_c2008
300 _a184
650 _aLAW OF SEEDS
942 _2ddc
_cBK
999 _c10375
_d10375